El olfato / (Record no. 27573)

MARC details
000 -LEADER
fixed length control field 00739nam a22002537a 4500
001 - CONTROL NUMBER
control field sjds
003 - CONTROL NUMBER IDENTIFIER
control field sjds
005 - DATE AND TIME OF LATEST TRANSACTION
control field 20230210094334.0
008 - FIXED-LENGTH DATA ELEMENTS--GENERAL INFORMATION
fixed length control field 221220b sp ||||| |||| 00| 0 spa d
020 ## - INTERNATIONAL STANDARD BOOK NUMBER
International Standard Book Number 9788434847781
020 ## - INTERNATIONAL STANDARD BOOK NUMBER
International Standard Book Number 8434847787
040 ## - CATALOGING SOURCE
Transcribing agency sjds
041 ## - LANGUAGE CODE
Language code of text/sound track or separate title spa
100 1# - MAIN ENTRY--PERSONAL NAME
Personal name Kniffke, Sophie
245 13 - TITLE STATEMENT
Title El olfato /
Statement of responsibility, etc. Sophie Kniffke, Claude Delafosse, Paz Barroso (translator), Gallimard jeunesse (Publisher)
246 ## - VARYING FORM OF TITLE
Title proper/short title El olfato
260 ## - PUBLICATION, DISTRIBUTION, ETC. (IMPRINT)
Place of publication, distribution, etc. Madrid :
Name of publisher, distributor, etc. SM,
Date of publication, distribution, etc. c1996
300 ## - PHYSICAL DESCRIPTION
Extent [24] p., [12] p. de lam :
Other physical details principalmente il. color ;
Dimensions 18 cm
440 ## - SERIES STATEMENT/ADDED ENTRY--TITLE
Title Muno Mavavilloso
700 1# - ADDED ENTRY--PERSONAL NAME
Personal name Delafosse, Claude
700 1# - ADDED ENTRY--PERSONAL NAME
Personal name Barroso, Paz
Relator term (translator)
710 ## - ADDED ENTRY--CORPORATE NAME
Corporate name or jurisdiction name as entry element Gallimard jeunesse
Relator term (Publisher)
942 ## - ADDED ENTRY ELEMENTS (KOHA)
Koha item type Libro/Book
Holdings
Withdrawn status Lost status Damaged status Not for loan Home library Current library Date acquired Inventory number Total Checkouts Full call number Barcode Checked out Date last seen Date checked out Price effective from Koha item type
        San Juan Del Sur -- Mobile Collado 10/02/2023 Inventory date: 15-5-25 1 JNC 30029650 14/04/2026 10/03/2026 10/03/2026 10/02/2023 Libro/Book

Powered by Koha